Copa Mundial de la FIFA 1954 - Estadísticas

Estadísticas generales
  • Esta prueba ha sido intentada 99 veces
  • La puntuación promedio es 13 de 16
Estadísticas de respuestas
Hint Respuesta % Correcto
GRUPO A Brasil
99%
GRUPO D Suiza
99%
GRUPO B Alemania Federal
96%
GRUPO C Uruguay
94%
GRUPO A Francia
91%
GRUPO B Hungría
90%
GRUPO D Inglaterra
90%
GRUPO D Italia
89%
GRUPO A México
88%
GRUPO A Yugoslavia
81%
GRUPO C Checoslovaquia
74%
GRUPO C Austria
72%
GRUPO D Bélgica
65%
GRUPO C Escocia
60%
GRUPO B Turquía
57%
GRUPO B Corea del Sur
52%
No se encontraron pruebas coincidentes
Distribución de puntuación
Porcentaje de gente con cada puntuación
Porcentaje por número respondido
Historial de tus puntuaciones
No has intentado esta prueba.